000 00945naa a22002777a 4500
001 BR8805653
003 BR-BrBNA
005 20240918180311.0
007 ta
008 230509b bl.||||| |||| 00| 0 por d
040 _aBR-BrBNA
_bpor
_cBiblioteca Nacional de Agricultura
041 _a(Pt)
072 _aL53
090 _aL53 BR8805653
100 1 _aMarques, D.
111 1 _a4. Seminario dos Produtores de Pintos de Corte
_cCampinas, SP (Brazil)
_d24-26 Jun 1987
245 1 _aManejo de ovos incubaveis
260 3 _aCampinas, SP (Brasil):
_c1987.
500 _aAnais do 4. Seminario dos Produtores de Pintos de Corte Campinas, SP (Brasil): 1987. p. 19-26 (BR8805653-AM)L53
650 _aOVO
650 _aINCUBACAO
650 _aMANEJO
773 0 _tAnais do 4. Seminario dos Produtores de Pintos de Corte
_wL53 BR8805653
_gCampinas, SP (Brasil), 1987. p. 19-26
909 _a202404
_bLucia
_c55
_dLucia Elande
942 _cAM
_2AGRIS
999 _c319673
_d319673